000
00335nam a22001577a 4500
005
20160629123331.0
008
160629b xxu||||| |||| 00| 0 eng d
041
_a
eng
082
_b
11025
100
_a
Charterjee, Short
_9
3171
245
_a
Grihdah
260
_b
united
300
_a
200
650
_a
Management
_9
241
942
_c
BK
999
_c
4652
_d
4650